| 000 | 00515nam a2200205 a 4500 | ||
|---|---|---|---|
| 001 | BRL_140 | ||
| 005 | 20190320210615.0 | ||
| 008 | 181012c1975----gw-a######---#000-0#ger-# | ||
| 041 | _ager | ||
| 044 | _agw | ||
| 050 | 4 |
_aNE490 _b.J84 1975 |
|
| 245 | 1 | 0 |
_aJugendstil _bdruckkunst _cEinfuhrung von L. Schmidt. |
| 260 |
_aAlemania _bBerghaus _c1975 |
||
| 300 |
_a73 p. _bil. _c35 cm. |
||
| 500 | _aAu143 | ||
| 650 | 1 | 4 |
_aArt Nouveau _zAlemania _923021 |
| 700 | 1 |
_aSchmidt, L. _923022 |
|
| 902 | _aGRL | ||
| 942 |
_2lcc _cB |
||
| 999 |
_c8953 _d8953 |
||